| 000 | 00937cam a22002051 4500 | ||
|---|---|---|---|
| 082 |
_a621.816 _bHOB _cL-13, P-23 |
||
| 100 | 1 |
_aHOBBS _941925 |
|
| 245 | 0 | 0 |
_aFundamentals of machines _c[by] John A. Clark ... Frederick Russell Gorton ... [and] Francis W. Sears ... with the editorial assistance of Major Francis C. Crotty ... |
| 260 |
_aBoston, New York [etc.] _bHoughton Mifflin company _c[1943] |
||
| 300 |
_axi, [6], 300 p. _billus., diagrs. _c22 cm. |
||
| 500 | _a"Prepared at the request of the War department and the U. S. Office of education in conformance with official pre-induction training course outline PIT no. 102." | ||
| 500 | _aTitle on two leaves. | ||
| 526 |
_a0 _b0 _c0 _d621_816000000000000_HOB |
||
| 650 | 0 |
_aMachinery, Kinematics of. _940636 |
|
| 650 | 0 |
_aMachinery. _941113 |
|
| 700 | 1 |
_aCrotty, Francis C., _941926 |
|
| 700 | 1 |
_aGorton, Frederick R. _941927 |
|
| 700 | 1 | _aSears, Francis Weston, | |
| 942 |
_2ddc _cBK |
||
| 999 |
_c545947 _d545947 |
||